000
00379nam a2200181Ia 4500
003
0STCL
008
150530s9999 xx 000 0 und d
040
_a
STCL
_c
STCL
100
_a
Krishnan Ezhuthachan, E.
245
_a
Thankamudra
250
_a
1
260
_c
1949
300
_a
0
546
_a
Malayalam
942
_2
ddc
_c
BK
999
_c
77637
_d
77637
005
20220125171649.0